|
|
|
|
| LEADER |
00000nab a2200000 ar4500 |
| 001 |
vtls009080232 |
| 003 |
SK-MaSNL |
| 005 |
20260303165401.0 |
| 008 |
070723|2007 xo er|p|||||||000 b|slo |
| 015 |
|
|
|a SNBRA2007/05
|
| 038 |
|
|
|a PPPK
|
| 040 |
|
|
|a PPPKCL
|b slo
|c PPPKCL
|e AACR2
|
| 041 |
0 |
|
|a slo
|
| 044 |
|
|
|a xo
|c SK
|
| 080 |
|
|
|a 791.44.071.1
|2 1997
|
| 080 |
|
|
|a 82-311.9
|2 1997
|
| 080 |
|
|
|a 778.534.6
|2 1997
|
| 080 |
|
|
|a 061.4
|2 1997
|
| 245 |
0 |
0 |
|a Jules Verne v tvorbe Karla Zemana
|
| 300 |
|
|
|b Obr., fotogr.
|
| 500 |
|
|
|a Výstava inštalovaná v spolupráci s Bibianou pod názvom Verneovky podľa Karla Zemana. Autor expozície Ondrej Slivka
|
| 600 |
1 |
7 |
|a Verne, Jules,
|d 1828-1905
|2 pppkcl
|9 221838
|
| 600 |
1 |
7 |
|a Zeman, Karel,
|d 1910-1989
|2 pppkcl
|9 87413
|
| 650 |
0 |
7 |
|a vedecko-fantastický film
|2 pppkcl
|9 1191647
|
| 650 |
0 |
7 |
|a vedecko-fantastická literatúra
|2 pppkcl
|9 31823
|
| 651 |
|
7 |
|a Poprad (Slovensko)
|2 pppkcl
|9 20155
|
| 773 |
0 |
|
|t Hry s umením 2005. Hommage á Jules Verne
|d Poprad : Tatranská galéria, 2005
|g S. 6-7
|
| 852 |
|
|
|a PPPK
|b KIS3GCP
|
| 958 |
|
|
|a FR
|
| 958 |
|
|
|a CZ
|
| 958 |
|
|
|a SK
|
| 999 |
|
|
|c 2071372
|d 2073302
|